Ruth and the Green Book / (Record no. 97)

MARC details
000 -LEADER
fixed length control field 01302nam a22003497a 4500
001 - CONTROL NUMBER
control field 97
003 - CONTROL NUMBER IDENTIFIER
control field FISKH
005 - DATE AND TIME OF LATEST TRANSACTION
control field 20250828130703.0
008 - FIXED-LENGTH DATA ELEMENTS--GENERAL INFORMATION
fixed length control field 230223b cb ||||| |||| 00| 0 eng d
010 ## - LIBRARY OF CONGRESS CONTROL NUMBER
LC control number 2009034284
020 ## - INTERNATIONAL STANDARD BOOK NUMBER
International Standard Book Number 9780761352556 (lib. bdg. : alk. paper)
040 ## - CATALOGING SOURCE
Original cataloging agency DLC
Transcribing agency DLC
Modifying agency DLC
Language of cataloging eng
042 ## - AUTHENTICATION CODE
Authentication code lcac
050 00 - LIBRARY OF CONGRESS CALL NUMBER
Classification number PZ7.R145
Item number Ru 2010
082 00 - DEWEY DECIMAL CLASSIFICATION NUMBER
Classification number 398.2
Edition number 22
100 1# - MAIN ENTRY--PERSONAL NAME
Personal name Ramsey, Calvin A.
245 10 - TITLE STATEMENT
Title Ruth and the Green Book /
Statement of responsibility, etc. Calvin Alexander Ramsey with Gwen Strauss ; illustrations by Floyd Cooper.
260 ## - PUBLICATION, DISTRIBUTION, ETC.
Place of publication, distribution, etc. Minneapolis, MN :
Name of publisher, distributor, etc. Carolrhoda Books,
Date of publication, distribution, etc. c2010.
300 ## - PHYSICAL DESCRIPTION
Extent 15 leaves of plates
Other physical details col. ill. ;
Dimensions 29 cm.
505 ## - FORMATTED CONTENTS NOTE
Formatted contents note M
520 ## - SUMMARY, ETC.
Summary, etc. When Ruth and her parents take a motor trip from Chicago to Alabama to visit her grandma, they rely on a pamphlet called "The Negro Motorist Green Book" to find places that will serve them. Includes facts about "The Green Book."
521 8# - TARGET AUDIENCE NOTE
Target audience note 700 <br/>
Source Lexile
521 8# - TARGET AUDIENCE NOTE
Target audience note M <br/>
Source Raz-Plus
650 #1 - SUBJECT ADDED ENTRY--TOPICAL TERM
Topical term or geographic name entry element Segregation
Form subdivision Fiction.
650 #1 - SUBJECT ADDED ENTRY--TOPICAL TERM
Topical term or geographic name entry element African Americans
Form subdivision Fiction.
650 #1 - SUBJECT ADDED ENTRY--TOPICAL TERM
Topical term or geographic name entry element Automobile travel
Form subdivision Fiction.
651 #1 - SUBJECT ADDED ENTRY--GEOGRAPHIC NAME
Geographic name Southern States
General subdivision History
Chronological subdivision 20th century
Form subdivision Fiction.
700 1# - ADDED ENTRY--PERSONAL NAME
Personal name Strauss, Gwen.
700 1# - ADDED ENTRY--PERSONAL NAME
Personal name Cooper, Floyd,
Relator term ill.
906 ## - LOCAL DATA ELEMENT F, LDF (RLIN)
a 7
b cbc
c orignew
d 1
e ecip
f 20
g y-gencatlg
942 ## - ADDED ENTRY ELEMENTS (KOHA)
Source of classification or shelving scheme Dewey Decimal Classification
Koha item type Books
Suppress in OPAC No
Holdings
Withdrawn status Lost status Source of classification or shelving scheme Damaged status Not for loan Collection Home library Current library Shelving location Date acquired Total Checkouts Full call number Barcode Date last seen Price effective from Koha item type Date last checked out Copy number
    Library of Congress Classification     Juvenile Fiction Footprints International School Library Network Toul Kork Campus Footprints International School Library Network Toul Kork Campus TK Primary Library Room(4th Floor), Bookcase 5&6, Shelves 33-56, Orange Books 02/23/2023   RAM 813.6 PZ7.R145 FISTK04774 02/23/2023 02/23/2023 Books    
    Library of Congress Classification     Juvenile Fiction Footprints International School Library Network Toul Tom Poung Campus Footprints International School Library Network Toul Tom Poung Campus TTP Primary Orange Bookshelves 08/28/2025 1 RAM 813.6 PZ7.R145 FISSE02184 11/28/2025 08/28/2025 Books 11/14/2025 2